| 000 | 00901aam a2200313 i 4500 | ||
|---|---|---|---|
| 001 | 768714001 | ||
| 003 | CO-MdFUSB | ||
| 005 | 20250429124854.0 | ||
| 007 | ta | ||
| 008 | 250429t1964 ag |||| |||| 00| 0 spa d | ||
| 040 | _cCO-MdFUSB | ||
| 041 | 0 | _aspa | |
| 082 | 0 | 4 |
_223 _a239 _bM8781h |
| 100 | 1 |
_aMorrison, A. Cressy (Abraham) (1864-) _eautor |
|
| 240 | _aMan does not stand alone | ||
| 245 | 1 | 3 |
_aEl hombre no está solo _c/ A. Cressy Morrison ; traducido por Adam Sosa |
| 250 | _asegunda edición | ||
| 264 | 1 |
_bMethopress, _aBuenos Aires, Argentina : _c[1964] |
|
| 264 | 4 | _c©1964 | |
| 300 | _a111 páginas | ||
| 336 |
_atexto _btxt _2rdacontent |
||
| 337 |
_2rdamedia _asin mediación _bn |
||
| 338 |
_2rdacarrier _avolumen _bnc |
||
| 563 | _aJTF-925 | ||
| 650 | 7 |
_aApologética _9187 |
|
| 700 |
_aSosa, Adam F. _94793 _etraductor |
||
| 942 | _cBK | ||
| 945 | _aJTF-925 | ||
| 999 |
_c35308 _d35308 |
||